000 00617nam a2200217 a 4500
001 62527
003 BD-RjUL
005 20211209081109.0
008 170124r19511931fr a b 000 0 eng
035 _a(BD-RjUL)
040 _aDLC
_cDLC
_dBD-RjUL
_beng
041 _aeng
082 0 0 _a794.12
_223
_bCAC 1951
100 1 0 _aCapablanca, Jose Raul
_9185879
245 1 0 _aChess fundamentals /
_cJose Raul Capablanca
260 _aLondon :
_bG. Bell and sons ltd.,
_c1931 [reprinted 1951]
300 _a184 p. :
_bill. ;
_c22 cm.
600 _aCapablanca, Jose Raul
_9185879
650 _aChess
_9185880
942 _2ddc
_cBK
999 _c62527
_d62527